| 000 | 01637nkm a2200325 i 4500 | ||
|---|---|---|---|
| 001 | 3743 | ||
| 003 | ES-MaACL | ||
| 005 | 20251009172041.0 | ||
| 007 | khrbo | ||
| 008 | 070607s1986 sp --- g |001||spa d | ||
| 100 | 0 |
_aAlfonso, _d1902-1990 _919858 |
|
| 245 | 1 | 0 |
_aPresentación del libro "Masonería y librepensamiento en la España de la Restauración" de Pedro F. Álvarez Lázaro [ _hFotografía] / _cAlfonso (sello). |
| 260 |
_a[S.l. : _bs.n.], _c1986. |
||
| 300 |
_a8 fot. : _bb. y n. ; _c12 x 18 cm. |
||
| 500 | _aDatos basados en invitación. | ||
| 511 | 0 | _aIntervienen: Antonio Elorza, José Antonio Ferrer Benimelli y el Rector Magnífico de la Universidad Pontificia de Comillas; presenta: Tomás Mallo. | |
| 518 | _aActo organizado por el Ateneo de Madrid en colaboración con la Universidad Pontificia de Comillas y el Centro de Estudios Históricos de la Masonería, celebrado en el salón de la cacharrería el jueves, 13 de marzo de 1986, a las 20:00 h. | ||
| 600 | 1 | 4 |
_aÁlvarez Lázaro, Pedro F. _920854 |
| 600 | 1 | 4 |
_aElorza, Antonio, _d1943- _947089 |
| 600 | 1 | 4 |
_aFerrer Benimeli, José A. _950445 |
| 600 | 1 | 4 |
_aMallo, Tomás _975818 |
| 610 | 2 | 4 |
_aAteneo de Madrid- _xActos culturales- _y1986- _vFotografías. _91901 |
| 610 | 2 | 4 |
_aMasonería- _vHistoria _95668 |
| 710 | 2 |
_aUniversidad Pontificia Comillas _9173007 |
|
| 710 | 2 |
_aCentro de Estudios Históricos de la Masonería Española. _92643 |
|
| 710 | 2 |
_aAteneo de Madrid. _91875 |
|
| 852 |
_aES-MaACL _jFOT 65/1986 |
||
| 856 | 4 |
_uhttp://www.ateneodemadrid.net/biblioteca_digital/imagenes/1986/0065-1986.jpg _zVer imagen |
|
| 999 |
_c3743 _d3743 |
||